[Event "2025 New Year TNM: 2000+"]
[Site "San Francisco"]
[Date "2025.01.21"]
[Round "3.10"]
[White "Bambou, Christophe"]
[Black "Viadiu-Ilarraza, Hector"]
[Result "1/2-1/2"]
[WhiteElo "2137"]
[BlackElo "1934"]
[PlyCount "62"]
[GameId "2137293048525008"]
[EventDate "2025.??.??"]

{[%evp 0,9,37,37,31,10,28,18,22,16,17,24]} 1. e4 e6 2. d4 d5 3. e5 c5 4. c3 Nc6 5. Nf3 Qb6 6. Be2 cxd4 7. cxd4 Nh6 8. Bxh6 gxh6 9. Qd2 Bd7 10. O-O Bg7 11. Nc3 Ne7 12. b4 Rc8 13. b5 O-O 14. a4 Ng6 15. Ra3 f6 16. exf6 Rxf6 17. Ne5 Nxe5 18. dxe5 Rf5 19. Nxd5 exd5 20. Qxd5+ Be6 21. a5 Bxd5 22. axb6 axb6 23. f4 Rc2 24. Bf3 Bxf3 25. Rfxf3 Rb2 26. Ra7 Rxb5 27. Rxb7 Rf7 28. Rb8+ Rf8 29. Rb7 Rf7 30. Rb8+ Rf8 31. Rb7 Rf7 1/2-1/2

[Event "2025 New Year TNM: 2000+"]
[Site "San Francisco"]
[Date "2025.01.21"]
[Round "3.11"]
[White "Fernandes, Joshua Nitin"]
[Black "Diller, Bradley R"]
[Result "0-1"]
[Annotator "Diller,Brad"]
[WhiteElo "1923"]
[BlackElo "2089"]
[PlyCount "96"]
[GameId "2137293080932572"]
[EventDate "2025.??.??"]

{[%evp 0,39,30,39,37,45,28,24,36,36,19,-38,21,34,34,34,36,42,52,31,53,54,55,55,67,58,56,34,80,94,97,49,72,53,-16,23,33,13,21,15,-6,2]} 1. e4 e6 2. d4 d5 3. Nc3 Bb4 4. e5 c5 5. a3 Bxc3+ 6. bxc3 Nc6 7. Nf3 Qa5 8. Bd2 c4 9. Qb1 Qa4 {I was attracted to this thematic French move of gaining space on the queen side and paralyzing the queenside rook to the defense of the pawn on a3 and attacking the base of the doubled pawns on c2. However, 9 ... f6 was probably better.} 10. Be2 Nge7 $6 {10 ...Bd7 was much better preparing to castle queenside.} 11. O-O O-O $2 {Again 11 ... Bd7 was better preparing castling queenside. Castling kingside is a mistake in this position because the break f6 comes at a cost of weakening my kingside pawn structure.} 12. Nh4 (12. Bf4 $142 f6 13. exf6 Rxf6 14. Qc1 h6 15. Qd2 $16) 12... Ng6 13. Nxg6 {13 ... fxg6 was objectively better, but Black has no viable counterplay on the f file and no concrete plan to improve his position.} hxg6 $6 14. f4 (14. Bg4 $142 f6 15. exf6 gxf6 16. Re1 $16) 14... Rb8 15. Be1 Bd7 16. Bh4 f6 17. exf6 gxf6 18. Bg4 b6 19. Qe1 Rbe8 20. Qe2 Kf7 ({Stockfish recommends the astonishing pawn sacrifice} 20... Ne7 21. Bxe6+ Kg7 22. Rae1 Bxe6 23. Qxe6 Nf5 24. Bxf6+ Kh7 25. Qxd5 Rxf6 26. Re5 Nh6 27. Qe4 Rff8 $15) 21. Bg3 $2 {Better was 21 Rfe1 preventing Ne7} Ne7 22. h4 $2 Nf5 $17 23. Rf3 Rh8 24. Bxf5 exf5 25. Qd2 Re4 26. Bf2 Rhe8 27. Be3 {My plan was to prepare R8e7 followed by Qe8, but this plan has an easy countermeasure.} Bc8 $6 ({I missed this simple manouver to force Qc1 to prevent the queen invasion on b2, followed by Qe6 with overwhelming pressure on the e file.} 27... Qb5 $142 28. Qc1 Qc6 29. Bd2 Qe6 $18) 28. Kf2 Rh8 29. Rh3 {Doubling on the h file is ineffective and surrenders alot of my advantage. I should have moved my King to the queenside so that I can freely attack.} Rh5 $6 (29... Ke7 $142 30. Kf1 Kd6 31. Bf2 Qe8 32. Re1 Kc6) 30. Qe2 Re8 31. Ke1 Reh8 $6 32. Qf2 Re8 33. Kd2 Re4 34. Qf3 {This was a nonsensical plan of preparing b5 to prevent a4. I should have simply have proceeded with my original idea of Qe8. If 35 a4 then 35 ... a5 fixing the pawn weakness on a4.} Bd7 35. Qd1 b5 $2 36. Qb1 Qa5 37. Qd1 $2 (37. Qb4 $142 Qb6 38. Qc5 $11) 37... Qb6 38. Qb1 Qe6 {Now I am winning after Black missed his chance to equalize earlier.} 39. Qd1 Rh8 $1 40. h5 $2 g5 $1 $19 41. fxg5 (41. h6 g4 42. Rg3 Kg6 $19) 41... f4 $1 42. g6+ Kg7 43. Bf2 Re8 $1 44. Kc1 (44. h6+ Kxg6 45. h7 Re2+ 46. Kc1 Kg7 $19) 44... Re2 $1 45. Bh4 Qe4 46. Rf3 Bg4 47. Rf2 Rxf2 48. Qxg4 Qxc2# 0-1

[Event "2025 New Year TNM: 2000+"]
[Site "San Francisco"]
[Date "2025.01.21"]
[Round "3.12"]
[White "Lewis, Edward"]
[Black "McCollum, Patrick M"]
[Result "1/2-1/2"]
[Annotator "Winslow,Elliott"]
[WhiteElo "2024"]
[BlackElo "2010"]
[PlyCount "68"]
[GameId "2137475051596575"]
[EventDate "2025.??.??"]

{[%evp 0,68,13,40,17,-4,37,40,43,37,37,42,39,35,39,18,31,22,35,42,61,38,48,48,119,27,42,25,22,-89,-67,-38,-47,-34,-32,-67,-12,-50,-38,-30,-36,-119,-138,-164,-199,-209,-224,-194,-100,-146,-38,5,-77,-37,27,-53,-96,-176,-1,-1,1,-1,-1,1,-1,1,-1,1,-1,1,1]} 1. Nf3 e6 2. e3 f5 3. c4 Nf6 4. d4 b6 5. Be2 Bb7 ({Relevant:} 5... Bb4+ 6. Bd2 a5 7. a3 Be7 8. O-O Bb7 9. Nc3 Ne4 10. Ne5 Nxd2 11. Qxd2 O-O 12. Bf3 Qc8 13. d5 Bf6 14. Nd3 a4 15. e4 Bxc3 16. Qxc3 fxe4 17. Bxe4 Na6 18. Rae1 exd5 19. cxd5 Qd8 20. Qc4 d6 21. Qxa4 Nc5 22. Qd4 Qf6 23. Qxf6 Rxf6 24. f3 Nxd3 25. Bxd3 Bxd5 26. Re7 Rf7 27. Rfe1 g6 28. h4 Kf8 29. Rxf7+ Kxf7 30. Kf2 c5 31. h5 gxh5 32. Rh1 Kg7 33. Rxh5 Bg8 34. Be4 Rd8 35. Bd5 {0-1 Anton Guijarro,D (2669)-Kamsky,G (2609) Titled Tuesday intern op 13th Aug Early Chess.com INT blitz 2024 (8)}) 6. a3 Be7 7. Nbd2 O-O {[#]} 8. b4 $146 ({Predecessor:} 8. O-O Qe8 9. Ne5 d6 10. Bf3 Bxf3 11. Nexf3 Qg6 12. b4 Nbd7 13. Bb2 Rae8 14. Qb3 Bd8 15. Rac1 Ne4 16. Qc2 Nxd2 17. Qxd2 Nf6 18. Qc2 c5 19. dxc5 bxc5 20. bxc5 dxc5 21. Ne5 Qh5 22. Qd1 Qxd1 23. Rfxd1 Bb6 24. Nd7 Nxd7 25. Rxd7 Rf7 26. Rcd1 Kf8 27. Be5 Rxd7 28. Rxd7 Rd8 29. Bxg7+ Ke8 30. Rxd8+ Kxd8 31. Kf1 Ba5 32. Ke2 Kd7 33. Kd3 Be1 34. f3 Kd6 35. Bc3 Bh4 36. g3 Bd8 37. g4 a5 {1-0 Hidalgo Maireles,J (1700)-Ferenczi,O (1255) Colonia de Sant Jordi op-B 2022 (3)}) 8... Ne4 9. Bb2 Bf6 10. Qc2 d6 11. O-O Nd7 12. Rfd1 Qe7 13. Rac1 c5 {[#]} 14. dxc5 dxc5 15. b5 Rad8 16. a4 e5 17. Nb3 Ng5 18. a5 Be4 19. Qd2 Bxf3 20. gxf3 e4 {[#]} 21. Qd5+ Kh8 22. Bxf6 Nxf6 23. Qxf5 Rxd1+ 24. Rxd1 Nxf3+ 25. Bxf3 exf3 26. axb6 axb6 27. h4 Ne4 28. Qg4 Nc3 29. Rd7 Qf6 30. Nd2 Ne2+ 31. Kh2 Qe5+ 32. Kh1 Qa1+ 33. Kh2 Qe5+ 34. Kh1 Qa1+ 1/2-1/2

[Event "2025 New Year TNM: 1600-1999"]
[Site "San Francisco"]
[Date "2025.01.21"]
[Round "3.5"]
[White "Molodyk, Mikhail Alexandrovich"]
[Black "Cawthon, Jeremy David"]
[Result "0-1"]
[WhiteElo "1925"]
[BlackElo "1984"]
[PlyCount "100"]
[GameId "2137293129978098"]
[EventDate "2025.??.??"]

{[%evp 0,17,39,18,27,13,21,26,49,32,45,80,32,0,24,31,25,19,15,24]} 1. e4 {[%emt 0:21:27]} c6 {[%emt 0:00:03]} 2. d4 {[%emt 0:00:09]} d5 {[%emt 0:00:02]} 3. Nc3 {[%emt 0:00:09]} dxe4 {[%emt 0:00:02]} 4. Nxe4 {[%emt 0:00:08]} Nd7 {[%emt 0:00:02]} 5. Nf3 {[%emt 0:00:42]} Ngf6 {[%emt 0:00:02]} 6. Ng3 {[%emt 0:00:34]} e6 {[%emt 0:00:03]} 7. Bd3 {[%emt 0:00:53]} c5 {[%emt 0:00:02]} 8. c3 {[%emt 0:02:03]} b6 {[%emt 0:01:54]} 9. O-O {[%emt 0:02:53]} Be7 {[%emt 0:00:55]} 10. Ne5 {[%emt 0:04:55]} Bb7 {[%emt 0:05:06]} 11. Qa4 {[%emt 0:05:22]} Qc8 {[%emt 0:05:13]} 12. Bg5 {[%emt 0:09:36]} a6 {[%emt 0:02:35]} 13. Nxd7 {[%emt 0:14:44]} Qxd7 {[%emt 0:00:23]} 14. Qxd7+ {[%emt 0:00:20]} Nxd7 {[%emt 0:00:14]} 15. Bxe7 {[%emt 0:00:54]} Kxe7 {[%emt 0:00:02]} 16. dxc5 {[%emt 0:01:14]} Nxc5 {[%emt 0:00:24]} 17. Bc2 {[%emt 0:00:08]} Rhd8 {[%emt 0:05:56]} 18. Rad1 {[%emt 0:00:58]} g6 {[%emt 0:00:31]} 19. Rfe1 {[%emt 0:04:29]} Bc6 {[%emt 0:01:25]} 20. b3 {[%emt 0:01:04]} Kf6 {[%emt 0:02:33]} 21. Ne2 {[%emt 0:02:33]} Be4 {[%emt 0:06:23]} 22. Bxe4 {[%emt 0:01:05]} Nxe4 {[%emt 0:00:05]} 23. f3 {[%emt 0:00:13]} Nc5 {[%emt 0:00:34]} 24. Nd4 {[%emt 0:00:08]} b5 {[%emt 0:08:41]} 25. f4 {[%emt 0:07:02]} Rac8 {[%emt 0:00:35]} 26. Re3 {[%emt 0:00:52]} Nd7 {[%emt 0:05:03]} 27. Rc1 {[%emt 0:05:26]} Nb6 {[%emt 0:00:17]} 28. Ree1 {[%emt 0:03:09]} Rd7 {[%emt 0:06:35]} 29. g3 {[%emt 0:00:48]} Rdc7 {[%emt 0:00:33]} 30. c4 {[%emt 0:06:46]} bxc4 {[%emt 0:00:25]} 31. bxc4 {[%emt 0:00:22]} Rxc4 {[%emt 0:00:27]} 32. Rxc4 {[%emt 0:00:06]} Rxc4 {[%emt 0:00:04]} 33. Nf3 {[%emt 0:00:49]} Ra4 {[%emt 0:00:38]} 34. Rb1 {[%emt 0:01:40]} Nc4 {[%emt 0:00:49]} 35. Rb7 {[%emt 0:00:18]} Rxa2 {[%emt 0:03:10]} 36. Ng5 {[%emt 0:00:23]} Nd6 {[%emt 0:00:06]} 37. Rd7 {[%emt 0:00:13]} h6 {[%emt 0:00:22]} 38. h4 {[%emt 0:01:21]} hxg5 {[%emt 0:00:56]} 39. hxg5+ {[%emt 0:00:10]} Kf5 {[%emt 0:00:06]} 40. Rxd6 {[%emt 0:00:05]} Kg4 {[%emt 0:00:15]} 41. Rd3 {[%emt 0:01:07]} a5 {[%emt 0:02:07]} 42. Kf1 {[%emt 0:00:31]} a4 {[%emt 0:00:05]} 43. Rc3 {[%emt 0:02:50]} Kh3 {[%emt 0:01:43]} 44. Rd3 {[%emt 0:00:18]} Kh2 {[%emt 0:01:32]} 45. g4 {[%emt 0:00:47]} a3 {[%emt 0:01:20]} 46. Rd8 {[%emt 0:00:28]} Kg3 {[%emt 0:00:27]} 47. f5 {[%emt 0:00:10]} Ra1+ {[%emt 0:00:08]} 48. Ke2 {[%emt 0:00:08]} a2 {[%emt 0:00:12]} 49. fxg6 {[%emt 0:01:29]} fxg6 {[%emt 0:00:06]} 50. Rd6 {[%emt 0:00:42]} Rb1 {[%emt 0:00:22]} 0-1

[Event "2025 New Year TNM: 1600-1999"]
[Site "San Francisco"]
[Date "2025.01.21"]
[Round "3.13"]
[White "Rigel, Marlon"]
[Black "Vandenhoven, Clarke Raymond"]
[Result "1-0"]
[Annotator "Rigel,Marlon"]
[WhiteElo "1761"]
[BlackElo "1737"]
[PlyCount "55"]
[GameId "2137293399187743"]
[EventDate "2025.??.??"]

{[%evp 0,55,32,23,-14,11,28,17,32,21,22,30,32,35,33,36,32,37,35,-40,50,50,37,64,39,66,58,103,26,99,81,11,-3,-7,51,154,94,83,73,110,101,113,250,205,267,268,328,288,289,311,322,200,335,334,604,449,490,641]} 1. d4 Nf6 2. c4 g6 3. g3 Bg7 4. Bg2 O-O 5. Nc3 d6 6. Nf3 c6 7. O-O Bf5 $14 8. Ne1 Be6 9. d5 cxd5 10. cxd5 Bd7 11. e4 Na6 12. Nd3 b5 $6 13. e5 $1 dxe5 14. Nxe5 b4 15. Nxd7 $2 (15. Ne2 $16) 15... Qxd7 16. Qa4 $2 (16. Ne2) (16. Na4) 16... Qxa4 $2 (16... bxc3 $1 17. Qxa6 c2 $1 $17) 17. Nxa4 Rac8 18. Be3 Nc7 19. Rfd1 Nb5 20. Bc5 a5 21. Bxe7 Rfe8 22. d6 Nd7 23. Bh3 f5 24. Bg2 Nd4 25. Bd5+ Kh8 26. Bf7 Ne5 27. Bxe8 Rxe8 28. Rxd4 1-0

[Event "2025 New Year TNM: 1600-1999"]
[Site "San Francisco"]
[Date "2025.01.21"]
[Round "3.14"]
[White "Prasad, Thejas"]
[Black "Parsons, Stephen"]
[Result "0-1"]
[Annotator "Parsons,Stephen"]
[WhiteElo "1671"]
[BlackElo "1919"]
[PlyCount "60"]
[GameId "2137475051604770"]
[EventDate "2025.??.??"]

1. e4 c5 2. Nf3 Nc6 3. d4 cxd4 4. Nxd4 Nf6 5. Nc3 e5 6. Nb3 Bb4 7. Bd3 d5 8. exd5 Nxd5 9. Bd2 Nxc3 10. bxc3 Be7 11. O-O O-O 12. Be3 f5 13. Bc4+ Kh8 14. f4 e4 15. Qe2 Bf6 16. Bc5 Ne7 17. Rad1 Qc7 18. Bd6 Qc6 19. Bb4 a6 20. Rd6 Qc7 21. Rfd1 b5 22. Bd5 Nxd5 23. R6xd5 Re8 24. Ba5 Qxf4 25. Nc5 Be7 26. Nd3 Qg5 (26... exd3 27. Qxe7 Be6) 27. Ne5 Be6 28. Rd7 Qf6 29. Bc7 Bxd7 30. Rxd7 Bc5+ 0-1

[Event "2025 New Year TNM: 1600-1999"]
[Site "San Francisco"]
[Date "2025.01.21"]
[Round "3.15"]
[White "Krezanoski, Paul"]
[Black "Dutter, Frederic"]
[Result "0-1"]
[Annotator "Winslow,Elliott"]
[WhiteElo "1461"]
[BlackElo "1900"]
[PlyCount "39"]
[GameId "2137475051608867"]
[EventDate "2025.??.??"]

1. d4 Nf6 2. Bf4 g6 3. h3 Bg7 4. e3 d5 5. Nf3 c5 6. Be2 Qb6 7. Nc3 c4 8. Rb1 Nc6 9. Bg5 Ne4 10. Nxd5 Qa5+ 11. Nc3 Nxg5 12. Nxg5 Qxg5 13. Kf1 O-O 14. Bxc4 e6 15. a3 a6 16. Ne4 Qe7 17. h4 b5 18. Be2 Bb7 19. b4 Nxd4 20. Nc5 {... 0-1,26} 0-1

[Event "2025 New Year TNM: 1600-1999"]
[Site "San Francisco"]
[Date "2025.01.21"]
[Round "3.16"]
[White "Marvin, Hayes Alexander"]
[Black "Babayan, Gagik"]
[Result "1-0"]
[Annotator "Winslow,Elliott"]
[WhiteElo "1905"]
[BlackElo "1686"]
[PlyCount "93"]
[GameId "2137475051608868"]
[EventDate "2025.??.??"]

1. d4 d5 2. Nf3 e6 3. Bf4 Nf6 4. e3 Bd6 5. Bg5 Nbd7 6. Nbd2 h6 7. Bxf6 Nxf6 8. Bd3 b6 9. Ne5 Bxe5 10. dxe5 Nd7 11. Nf3 Nc5 12. Be2 O-O 13. O-O Bb7 14. c3 Nd7 15. b4 c5 16. Bb5 Nb8 17. Re1 a6 18. Ba4 Bc6 19. Bc2 Nd7 20. e4 Qc7 21. exd5 Bxd5 22. Be4 Qc6 23. Qe2 Bxe4 24. Qxe4 Qxe4 25. Rxe4 Rfd8 26. Kf1 Nb8 27. Ke2 Nc6 28. Rb1 cxb4 29. cxb4 Rd5 30. Rc1 Rc8 31. Rec4 {[#]} Nd4+ 32. Nxd4 Rxe5+ 33. Kf1 Rxc4 34. Rxc4 Re4 35. f3 Re3 36. Nb3 Rd3 37. Rc6 a5 38. Rxb6 a4 39. Nc5 Ra3 40. Ra6 Rxa2 41. Rxa4 Rb2 42. Ra8+ Kh7 43. Rb8 Kg6 44. b5 Kf5 45. b6 Rb5 46. b7 Kf4 47. Rd8 1-0

[Event "2025 New Year TNM: 1600-1999"]
[Site "San Francisco"]
[Date "2025.01.21"]
[Round "3.17"]
[White "Krishnan, Sreyshthaa"]
[Black "Finacom, Richard V"]
[Result "1/2-1/2"]
[WhiteElo "1435"]
[BlackElo "1929"]
[PlyCount "109"]
[GameId "2137475051608869"]
[EventDate "2025.??.??"]

1. e4 c6 2. d4 d5 3. exd5 cxd5 4. Bf4 Nc6 5. Nf3 Bg4 6. c3 e6 7. Nbd2 Nf6 8. Bd3 Be7 9. O-O O-O 10. h3 Bxf3 11. Nxf3 Nh5 12. Bh2 g6 13. Ne5 Nxe5 14. Bxe5 f6 15. Bh2 Bd6 16. Bc2 Bxh2+ 17. Kxh2 Qd6+ 18. Kg1 Kg7 19. Re1 Rad8 20. Qd2 f5 21. Re5 Nf6 22. Rae1 Rfe8 23. Qe2 Kf7 24. Ba4 Re7 25. Qf3 h5 26. Qf4 Rh8 27. Bb3 Qc6 28. Qc1 b6 29. a3 a5 30. Ba2 h4 31. R1e2 Rh7 32. Re1 Ne4 33. Bb1 Nf6 34. Ba2 Rh8 35. R1e2 Kg7 36. Qe3 Rhe8 37. Qf4 Rh8 38. Qe3 Kf7 39. Qc1 Rh5 40. Qe3 Qd6 41. Qf3 Nd7 42. R5e3 f4 43. Rd3 Nf6 44. Rd1 Rh8 45. Rde1 Rg8 46. Bb1 g5 47. Bf5 Rge8 48. Bb1 e5 49. dxe5 Rxe5 50. Rxe5 Rxe5 51. Rxe5 Qxe5 52. Qd3 Qe4 53. Qf1 Qe8 54. Qd3 Qe4 55. Qf1 1/2-1/2

[Event "2025 New Year TNM: 1600-1999"]
[Site "San Francisco"]
[Date "2025.01.21"]
[Round "3.18"]
[White "Smith, Roger Christopher"]
[Black "Horde, Nicolas T"]
[Result "1-0"]
[Annotator "Horde,Nicolas T"]
[WhiteElo "1843"]
[BlackElo "1584"]
[PlyCount "117"]
[GameId "2137676243713093"]
[EventDate "2025.??.??"]

{[%evp 0,17,29,33,24,47,24,18,-5,-15,-10,-22,-7,-4,-12,-58,41,-35,-2,5]} 1. e4 e5 2. Nf3 Nf6 3. Nc3 Nc6 4. b3 $6 {Never seen that move} d5 $1 (4... Bc5 {Stockfish prefers to leave the pawn on d7 to not open the position and let White's DSB aiming at a wall} 5. Be2 O-O 6. O-O Re8 7. d3 Nd4) 5. exd5 Nxd5 6. Bb2 Bg4 7. Be2 Bb4 (7... Nf4 $1 {I was a little hesitant to delay development but White has no threats} 8. h3 Bf5 9. Bb5 (9. O-O $2 Qf6 $1 10. Bb5 a6 11. Bxc6+ bxc6)) 8. O-O Nxc3 9. dxc3 Qxd1 10. Raxd1 Bd6 {I play the exchange Ruy as White and this position Black maintains the bishop pair on top of it so the plan is simple} 11. h3 Bh5 12. Rfe1 O-O 13. g4 Bg6 14. Rd2 f6 (14... e4 $1 {It forces a change of pawn structure but even with an engine open I am not a big fan} 15. Nd4 Nxd4 16. cxd4 Rae8 17. Bc4 Kh8 18. Rde2 f5) 15. Nh4 Bf7 16. Bf3 Rad8 17. Red1 g6 $2 {The idea is just to prevent Nf5 but it fails tactically} (17... Bc5 {My initial candidate move to continue trading into the endgame}) 18. Bxc6 $1 bxc6 19. Ba3 {Never seen that tactic before, Black is strategically lost now} Bxa3 {It was the only reasonable human way to defend. The idea is to create a blockade on the light square and try to prevent White from infiltrating but Roger demonstrated a very nice technique in the endgame} (19... Bd5 {Roger pointed out that move after the game and it's Stockfish's first recommendation. I believe that the resulting endgame is just way easier to play as White and I had 0% chance of holding that one.} 20. Bxd6 Rxd6 21. c4 Be4 22. Rxd6 cxd6 23. Rxd6 Bxc2 24. Rxc6 {I saw until here and it was pretty much dead lost without any counterplay}) 20. Rxd8 Bd6 $1 21. Rxf8+ Kxf8 22. Ng2 Ke7 23. Ne3 Be6 24. c4 f5 25. Kg2 f4 {Not the most resilient defense, White now has the obvious plan to reroute the knight to occupy e4} (25... Kf6) 26. Nf1 g5 27. Nd2 h6 28. Ne4 Bf7 29. Kf3 Bg6 30. Rh1 Kf7 31. h4 gxh4 32. Rxh4 Kg7 33. Rh1 Be7 34. Rd1 Be8 $1 {If the rook infiltrates it's over} 35. Ke2 Kf7 36. Kd2 Ke6 37. Rh1 Bf8 38. g5 h5 39. Nf6 Bg6 40. f3 Be7 41. Ne4 Kf5 42. Rg1 Ke6 43. c3 Kf7 44. b4 Bf5 45. Nf2 Kg6 {My only plan was to let White's king go on the queenside and look for counterplay on the kingside} 46. Nd3 e4 $4 {We had less than 10 minutes on the clock and I just overlooked that f4 is hanging, after that there's no chance to hold} 47. Nxf4+ Kf7 48. g6+ Kg8 49. fxe4 Bg4 50. Kd3 Bd6 51. Ke3 c5 52. Nd5 Kg7 53. Kd3 cxb4 54. Ne3 Be6 55. Nf5+ Bxf5 56. exf5 bxc3 57. Rh1 Kh6 58. Rxh5+ $1 Kg7 59. Kxc3 1-0

[Event "2025 New Year TNM: 1600-1999"]
[Site "San Francisco"]
[Date "2025.01.21"]
[Round "3.19"]
[White "Pham, Nguyen Hoang Duy"]
[Black "Pickering, Carl Anthony"]
[Result "1-0"]
[Annotator "Winslow,Elliott"]
[WhiteElo "1810"]
[BlackElo "1619"]
[PlyCount "95"]
[GameId "2137475051608871"]
[EventDate "2025.??.??"]

1. d4 Nf6 2. c4 e6 3. Nf3 c5 4. g3 cxd4 5. Nxd4 Bb4+ 6. Bd2 Bxd2+ 7. Nxd2 Qb6 8. N2b3 Qb4+ 9. Qd2 Qxd2+ 10. Nxd2 Nc6 11. Nb5 Ke7 12. Bg2 a6 13. Nc3 Rd8 14. O-O Rb8 15. a3 b5 16. c5 b4 17. Na4 d5 18. cxd6+ Rxd6 19. Nc4 Rd4 20. Rfc1 Nd8 21. e3 {[#]} Rg4 22. Ne5 Rg5 23. f4 Rh5 24. g4 Rh4 25. h3 Ne8 26. Rd1 Nd6 27. Rac1 Nb5 28. Kh2 f6 {[#]} 29. Rxd8 Kxd8 30. Nc6+ Kc7 31. Nxb8+ Kxb8 32. Nb6 Bb7 33. Nd7+ Ka8 34. a4 Bxg2 35. Kxg2 Nd6 36. Rc6 Ne4 37. Rxa6+ Kb7 38. Rxe6 Nd2 39. a5 h5 40. a6+ Ka7 41. Kg3 g5 42. Nxf6 hxg4 43. Nxg4 Rh5 44. f5 Rh8 45. f6 Nb3 46. f7 Rf8 47. Ne5 Nc5 48. Re8 1-0

[Event "2025 New Year TNM: 1600-1999"]
[Site "San Francisco"]
[Date "2025.01.21"]
[Round "3.20"]
[White "Schaezlein, Charlie"]
[Black "Admassu, Yonathan"]
[Result "0-1"]
[Annotator "Winslow,Elliott"]
[WhiteElo "1395"]
[BlackElo "1765"]
[PlyCount "42"]
[GameId "2137475051612968"]
[EventDate "2025.??.??"]

1. e4 d6 2. d4 Nf6 3. Nc3 g6 4. Be3 a6 5. Qd2 b5 6. f3 Nbd7 7. O-O-O Nb6 8. Bd3 c6 9. Nge2 Bb7 10. Bh6 Bxh6 11. Qxh6 Qc7 12. Qe3 b4 13. Nb1 a5 14. c4 a4 15. Nd2 a3 16. b3 O-O-O 17. g4 h5 18. g5 Nfd7 {[#]} 19. c5 dxc5 20. dxc5 Qe5 21. Qd4 Nxc5 0-1

[Event "2025 New Year TNM: 1600-1999"]
[Site "San Francisco"]
[Date "2025.01.21"]
[Round "3.21"]
[White "Morello, Nicholas"]
[Black "Mays-Smith, Isaac S"]
[Result "1-0"]
[Annotator "Winslow,Elliott"]
[WhiteElo "1673"]
[BlackElo "1518"]
[PlyCount "63"]
[GameId "2137073167036989"]
[EventDate "2025.??.??"]

{[%evp 0,63,13,35,22,5,-17,6,3,8,12,-19,19,21,21,16,9,4,10,11,17,18,11,16,22,16,46,45,84,85,176,155,277,328,319,280,459,273,295,432,422,448,703,521,664,591,714,580,745,501,750,569,699,724,816,668,951,673,793,725,735,850,1101,784,704,835]} 1. d4 Nf6 2. Bf4 e6 3. e3 d5 4. Nf3 c5 5. c3 a6 6. Nbd2 Bd6 7. Bxd6 Qxd6 8. Bd3 Nc6 9. Qc2 Bd7 10. O-O Rc8 11. a3 Ne7 12. Rfe1 cxd4 13. exd4 b5 14. Ne5 g5 15. Ndf3 g4 16. Ng5 Rf8 17. Bxh7 Nc6 {[#]} 18. Ngxf7 $1 Qe7 19. Bg6 Nxe5 20. dxe5 $1 Rc7 21. exf6 Qxf6 22. Ne5+ Kd8 23. Nxg4 Qg5 24. Ne5 Be8 25. Bxe8 Rxe8 26. Rad1 Rh8 27. Qg6 Qh4 28. Nf7+ Rxf7 29. Qxf7 Qxh2+ 30. Kf1 Rh7 31. Qg8+ Kc7 32. Qg3+ 1-0

[Event "2025 New Year TNM: 1600-1999"]
[Site "San Francisco"]
[Date "2025.01.21"]
[Round "3.22"]
[White "Fan, Jimmy Qinmo"]
[Black "Siegel, David"]
[Result "0-1"]
[Annotator "Siegel,David"]
[WhiteElo "1648"]
[BlackElo "1438"]
[PlyCount "96"]
[GameId "2137475051617066"]
[EventDate "2025.??.??"]

1. e4 c5 2. Nf3 Nc6 3. d4 cxd4 4. Nxd4 Nf6 5. Nc3 e6 6. a3 d5 7. Bg5 Be7 8. exd5 Nxd5 9. Bxe7 Ncxe7 10. Bb5+ Bd7 11. Nxd5 Nxd5 12. Bxd7+ Qxd7 13. c3 O-O 14. O-O Rad8 15. Qg4 f5 16. Qe2 Rfe8 {Trying to generate an attack on the kingside, I didn't anticipate 17. Qe5, which was suggested to me at the bar; the computer evaluates this as the best move as well. My opponent recommended 16... Rf6 during our postmortem. The computer thinks it's not a good move, but it seemed pretty dangerous to us when we tried to play it out.} 17. Rad1 e5 18. Nc2 e4 {I regretted 18... e4 as soon as I played it. My thought was to remove the queen from the diagonal protecting the d1 rook with 19... Nf4, but I never get the chance; an immediate 18... Nf4 would be better. There were a lot of tactics here.} 19. Ne3 Qf7 {20. Qc4 seemed like a threat.} 20. Nxd5 Rxd5 21. Rxd5 Qxd5 22. Rd1 Qc6 23. Qd2 Kf7 24. Qf4 Qe6 25. Rd6 Qc8 {I didn't want to relinquish control of the 7th rank with 25... Qe5 but apparently the computer thinks it's still a draw} 26. g4 g6 27. Qh6 Kg8 28. Qe3 Rd8 29. Qd4 Rxd6 30. Qxd6 fxg4 31. Qd5+ Kg7 32. Qxe4 Qd7 33. Qe5+ Kg8 34. Qd4 Qe6 35. Qd8+ Kf7 36. Qc7+ Qe7 37. Qxe7+ Kxe7 38. Kg2 Ke6 39. c4 Ke5 {At the time I thought that moving the white queenside pawns was a mistake, since bringing them closer to my king helps me win the race to promote.} 40. a4 Kd4 41. b3 Kc3 42. c5 Kxb3 43. a5 a6 44. Kg3 Kb4 45. Kxg4 h6 {The computer says 45... h6 is a huge mistake! I thought it just gained a tempo (although unnecessary at this point) since it would force the white king to travel further to capture the white pawns; but after 46. h4 Kxa5 47. f4 Kb5 48. h5, the queens will promote at the same time.} 46. h4 Kxa5 47. h5 g5 48. Kf5 Kb4 0-1